000 00539nam a2200181 a 4500
001 000021348
005 20200930011315.0
008 890207s1951 cl 000 f spa d
040 _aDO-SdBNP
_bspa
_cBNPHU
082 _aC863.44
_bR436c
100 1 _aRestrepo de Thiede, María.
_944585
245 1 0 _aCadenas... y silencio :
_bnovela /
_cMaría Restrepo de Thiede.
260 _aBogotá :
_bA. B. C. ,
_c1951.
300 _a367 p. ;
_c17 cm.
650 4 _aNovela colombiana
_91243
650 4 _aLiteratura colombiana
_91244
049 _aBNGR
999 _c20848
_d20848